| 000 | 00000nam##2200000za#4500 |
| 001 | 9.688586 |
| 003 | CaOODSP |
| 005 | 20210624231509 |
| 007 | cr ||||||||||| |
| 008 | 150407|1997||||xxc|||||o f|0| 0 eng|d |
| 040 | |aCaOODSP|beng |
| 043 | |an-cn--- |
| 086 | 1 |aSW21-141/1997E-PDF |
| 110 | 1 |aCanada. |bStatus of Women Canada. |
| 245 | 10|aWomen and the economy : |h[electronic resource]|blong-term policy research issues / |c[by] Monica Townson |
| 260 | |aOttawa - Ontario : |bStatus of Women Canada |c1997. |
| 300 | |a10p. |
| 590 | |a06-10-Supp|b2006-12-15 |
| 690 | 07|aEconomic conditions|2gcpds |
| 690 | 07|aEconomic research|2gcpds |
| 690 | 07|aWomen|2gcpds |
| 720 | 1 |aTownson, Monica |
| 775 | 08|tLes femmes et l'économie : |w(CaOODSP)9.633009 |
| 856 | 40|ahttp://publications.gc.ca|qPDF|s142 KB|uhttps://publications.gc.ca/collections/Collection/SW21-141-1997E.pdf |